100 największych miast Australii i Oceanii - Statystyki

Ogólne statystyki
  • Ten quiz został rozwiązany 181 razy
    79 od ostatniego zresetowania
  • Średni wynik to 15 z 100
Statystyki odpowiedzi
Państwo / liczba ludności Miasto % Poprawnych
1.Australia/5 231 147 Sydney
95%
2.Australia/4 917 750 Melbourne
82%
23.Nowa Zelandia/201 300 Wellington
82%
5.Nowa Zelandia/1 454 300 Auckland
79%
9.Australia/482 250 Canberra
79%
4.Australia/2 150 403 Perth
74%
3.Australia/2 484 947 Brisbane
69%
6.Australia/1 383 209 Adelaide
66%
16.Papua-Nowa Gwinea/322 246 Port Moresby
62%
27.Australia/147 255 Darwin
56%
42.Fidżi/85 691 Suva
52%
95.Samoa/30 016 Apia
49%
8.Australia/509 894 Newcastle
41%
13.Nowa Zelandia/375 900 Christchurch
39%
56.Vanuatu/53 312 Port Vila
36%
7.Australia/706 673 Gold Coast
34%
48.Wyspy Salomona/64 621 Honiara
33%
21.Australia/247 086 Hobart
31%
15.Stany Zjednoczone/343 421 Honolulu
25%
39.Francja/97 579 Numea
25%
17.Australia/305 880 Wollongong
18%
25.Nowa Zelandia/176 900 Hamilton
16%
26.Australia/155 638 Cairns
15%
31.Nowa Zelandia/118 400 Dunedin
15%
12.Australia/398 840 Sunshine Coast
15%
24.Australia/181 665 Townsville
15%
18.Australia/289 400 Geelong
13%
11.Indonezja/414 862 Jayapura
13%
33.Papua-Nowa Gwinea/103 420 Lae
13%
14.Australia/346 596 Central Coast
10%
73.Stany Zjednoczone/43 263 Hilo
8%
51.Nowa Zelandia/58 100 Napier
8%
32.Australia/116 201 Ballarat
7%
34.Australia/103 034 Bendigo
7%
89.Nowa Zelandia/32 700 Gisborne
7%
47.Nowa Zelandia/75 500 Hastings
7%
43.Australia/82 288 Mackay
7%
45.Nowa Zelandia/78 800 Palmerston North
7%
20.Indonezja/284 410 Sorong
7%
30.Nowa Zelandia/121 900 Tauranga
7%
87.Nowa Zelandia/33 350 Blenheim
5%
38.Australia/99 675 Launceston
5%
36.Nowa Zelandia/102 100 Lower Hutt
5%
67.Papua-Nowa Gwinea/46 230 Mount Hagen
5%
41.Fidżi/87 446 Nasinu
5%
71.Nowa Zelandia/44 000 Nelson
5%
60.Nowa Zelandia/50 000 New Plymouth
5%
19.Nowa Zelandia/285 100 North Shore
5%
49.Australia/63 151 Rockhampton
5%
55.Nowa Zelandia/54 000 Rotorua
5%
65.Australia/46 735 Wagga Wagga
5%
63.Nowa Zelandia/48 300 Whangarei
5%
72.Australia/43 787 Albury
3%
52.Australia/57 774 Bunbury
3%
50.Australia/59 768 Bundaberg
3%
69.Stany Zjednoczone/44 943 Dededo
3%
93.Australia/30 574 Dubbo
3%
86.Australia/33 418 Gladstone
3%
64.Nowa Zelandia/48 200 Invercargill
3%
10.Nowa Zelandia/438 400 Manukau
3%
35.Indonezja/102 351 Merauke
3%
94.Australia/30 016 Mildura
3%
97.Australia/28 684 Mount Gambier
3%
37.Indonezja/99 848 Nabire
3%
68.Fidżi/45 519 Nadi
3%
99.Nowa Zelandia/28 000 Rolleston
3%
70.Australia/44 599 Shepparton
3%
98.Nowa Zelandia/28 600 Timaru
3%
29.Indonezja/130 000 Timika
3%
28.Australia/143 994 Toowoomba
3%
80.Nowa Zelandia/38 400 Upper Hutt
3%
81.Papua-Nowa Gwinea/38 134 Arawa
2%
44.Australia/79 000 Blue Mountains
2%
84.Francja/35 873 Dumbéa
2%
83.Australia/36 958 Geraldton
2%
58.Australia/52 073 Hervey Bay
2%
75.Stany Zjednoczone/40 323 Kailua
2%
92.Australia/30 700 Kalgoorlie
2%
85.Stany Zjednoczone/35 493 Kāneʻohe
2%
82.Nowa Zelandia/37 347 Kapiti
2%
78.Papua-Nowa Gwinea/39 014 Kokopo
2%
54.Fidżi/54 356 Lautoka
2%
40.Australia/90 226 Maitland
2%
100.Australia/27 846 Maryborough
2%
46.Australia/76 346 Melton
2%
53.Papua-Nowa Gwinea/56 018 Mendi
2%
57.Fidżi/52 451 Nausori
2%
90.Australia/31 544 Orange
2%
66.Australia/46 421 Pakenham
2%
91.Stany Zjednoczone/30 976 Pearl City
2%
61.Papua-Nowa Gwinea/49 097 Popondetta
2%
62.Nowa Zelandia/48 761 Porirua
2%
59.Australia/50 193 Port Macquarie
2%
79.Australia/38 851 Sunbury
2%
74.Australia/42501 Tamworth
2%
76.Stany Zjednoczone/39 873 Waipahu
2%
22.Nowa Zelandia/221 400 Waitakere
2%
77.Nowa Zelandia/39 700 Wanganui
2%
96.Australia/28 824 Wangaratta
2%
89.Australia/32 000 Warrnambool
2%
Nie znaleziono quizów pasujących do podanych kryteriów
Rozkład punktacji
Procent ludzi z każdym wynikiem
Percentyl według liczby udzielonych odpowiedzi
Twoja historia wyników
Nie rozwiązałeś tego quizu od ostatniego zresetowania